[Event "Karpos Open 2014"]
[Site "Skopje MKD"]
[Date "2014.03.30"]
[Round "3.35"]
[White "Davletbayeva, Madina"]
[Black "Franco Alonso, Alejandro"]
[Result "1/2-1/2"]
[WhiteElo "2284"]
[BlackElo "2489"]
[PlyCount "68"]
[EventDate "2014.03.29"]
[EventType "swiss"]
[EventRounds "9"]
[EventCountry "MKD"]
[Source "lmi"]
[SourceDate "2014.03.29"]

1. e4 c5 2. Nf3 e6 3. d4 cxd4 4. Nxd4 Nf6 5. Bd3 Nc6 6. Nb3 b6 7. O-O Bb7 8.
Bg5 Be7 9. f4 Nb4 10. N1d2 O-O 11. Rf3 Nxd3 12. cxd3 Ne8 13. Bxe7 Qxe7 14. f5
exf5 15. Rxf5 d5 16. d4 dxe4 17. Re5 Qd7 18. d5 Bxd5 19. Nxe4 Rd8 20. Nc3 Be6
21. Qe2 Nf6 22. h3 Qc7 23. Nb5 Qb8 24. N5d4 Bxb3 25. Nc6 Rd1+ 26. Rxd1 Bxd1 27.
Qxd1 Qc7 28. Qa4 h5 29. Ne7+ Kh8 30. Qf4 Nh7 31. Qe4 Qc1+ 32. Kh2 Qc7 33. Kg1
Qc1+ 34. Kh2 Qc7 1/2-1/2

[Event "Karpos Open 2014"]
[Site "Skopje MKD"]
[Date "2014.03.30"]
[Round "3.36"]
[White "Harika, Dronavalli"]
[Black "Tomazini, Zan"]
[Result "0-1"]
[WhiteElo "2487"]
[BlackElo "2286"]
[PlyCount "154"]
[EventDate "2014.03.29"]
[EventType "swiss"]
[EventRounds "9"]
[EventCountry "MKD"]
[Source "lmi"]
[SourceDate "2014.03.29"]

1. c4 g6 2. g3 Bg7 3. d4 c5 4. d5 b5 5. cxb5 Qa5+ 6. Nc3 a6 7. bxa6 Nxa6 8. Bg2
d6 9. Nf3 Nc7 10. O-O Nf6 11. e4 O-O 12. Bd2 Nb5 13. e5 Ng4 14. a4 Nd4 15. Nxd4
cxd4 16. Ne4 Qb6 17. exd6 exd6 18. b4 Ne3 19. fxe3 dxe3 20. a5 Qa7 21. Bxe3
Qxe3+ 22. Kh1 Ba6 23. Re1 Qd4 24. Qxd4 Bxd4 25. Rab1 Rab8 26. Nxd6 Bc3 27. Rec1
Bxb4 28. Ne4 f5 29. Nf2 Bd2 30. Rd1 Rxb1 31. Rxb1 Bxa5 32. Ra1 Re8 33. d6 Re1+
34. Rxe1 Bxe1 35. d7 Ba5 36. Bc6 Kf7 37. Nh3 Ke7 38. Ng5 h6 39. Nf3 Kd6 40. Ba8
Bd8 41. Nd4 Kxd7 42. h4 Bb6 43. Nf3 Kd6 44. Kg2 Bd3 45. Nd2 Ke5 46. Nf3+ Kf6
47. Nd2 Be3 48. Nf1 Bd4 49. Bf3 Bc3 50. Ne3 Bd2 51. Nd1 Be1 52. Nf2 Bc4 53. Nh3
Ke5 54. Nf4 g5 55. hxg5 hxg5 56. Be2 Bxe2 57. Nxe2 Ke4 58. Kf1 Bb4 59. Kf2 Bd2
60. Kf1 Ke3 61. g4 fxg4 62. Ng1 Bb4 63. Ne2 Bd6 64. Nc1 Kf3 65. Nd3 Kg3 66. Kg1
Bf4 67. Kh1 Kf3 68. Kg1 Be3+ 69. Kh1 Bd4 70. Ne1+ Kf2 71. Nd3+ Ke2 72. Nc1+ Kf1
73. Nd3 Bf2 74. Ne5 g3 75. Nf3 g2+ 76. Kh2 g1=Q+ 77. Nxg1 Bxg1+ 0-1

[Event "Karpos Open 2014"]
[Site "Skopje MKD"]
[Date "2014.03.30"]
[Round "3.37"]
[White "Georgescu, Tiberiu-marian"]
[Black "Nakhbayeva, Guliskhan"]
[Result "1-0"]
[WhiteElo "2468"]
[BlackElo "2293"]
[PlyCount "73"]
[EventDate "2014.03.29"]
[EventType "swiss"]
[EventRounds "9"]
[EventCountry "MKD"]
[Source "lmi"]
[SourceDate "2014.03.29"]

1. d4 Nf6 2. c4 e6 3. Nc3 Bb4 4. e3 O-O 5. Nge2 d5 6. a3 Bd6 7. Ng3 c5 8. dxc5
Bxc5 9. cxd5 exd5 10. Bd3 Nc6 11. O-O a6 12. b4 Ba7 13. Nce2 Qe7 14. Bb2 Ne5
15. Nd4 Bg4 16. Be2 Bxe2 17. Qxe2 g6 18. Rad1 Rac8 19. Ba1 Rc7 20. Qb2 Re8 21.
Nf3 Nxf3+ 22. gxf3 d4 23. Rxd4 Qe5 24. Rd2 Qxb2 25. Bxb2 Rc6 26. Rfd1 Bb8 27.
Rd8 Kf8 28. f4 Bc7 29. Bxf6 Rxf6 30. R8d7 Rc6 31. R1d3 Re7 32. R7d5 f5 33. Ne2
Kf7 34. Nd4 Rc1+ 35. Kg2 Kf6 36. Nb3 Rc2 37. Nc5 1-0

[Event "Karpos Open 2014"]
[Site "Skopje MKD"]
[Date "2014.03.30"]
[Round "3.38"]
[White "Emiroglu, Cankut"]
[Black "Pancevski, Filip"]
[Result "0-1"]
[WhiteElo "2328"]
[BlackElo "2466"]
[PlyCount "102"]
[EventDate "2014.03.29"]
[EventType "swiss"]
[EventRounds "9"]
[EventCountry "MKD"]
[Source "lmi"]
[SourceDate "2014.03.29"]

1. e4 g6 2. d4 d6 3. Nc3 a6 4. Nf3 b5 5. Be2 Bb7 6. Bg5 Bg7 7. a3 Nd7 8. O-O h6
9. Bh4 g5 10. Bg3 e6 11. d5 exd5 12. exd5 Nb6 13. Nd4 Qf6 14. Nc6 Bxc6 15. dxc6
Ne7 16. f4 Qd4+ 17. Bf2 Qxd1 18. Raxd1 Nc4 19. Bxc4 bxc4 20. Bd4 O-O 21. fxg5
hxg5 22. Ne4 Nxc6 23. Nf6+ Bxf6 24. Bxf6 Rfb8 25. Rf5 Rb5 26. Rxb5 axb5 27. Rd5
b4 28. Rxg5+ Kh7 29. Rg7+ Kh6 30. a4 Ne7 31. Rxf7 Nd5 32. Bd4 Rxa4 33. Rf8 c6
34. Kf2 c3 35. bxc3 bxc3 36. Be3+ Kg6 37. Rg8+ Kf6 38. Rh8 Ra2 39. Rh6+ Ke7 40.
Rh7+ Ke6 41. Rh6+ Kd7 42. Rh7+ Kc8 43. Rh8+ Kb7 44. Re8 Rxc2+ 45. Kf3 Nxe3 46.
Kxe3 c5 47. Kd3 Rxg2 48. Kxc3 Rxh2 49. Kc4 Kc6 50. Rc8+ Kd7 51. Rg8 Rh4+ 0-1

[Event "Karpos Open 2014"]
[Site "Skopje MKD"]
[Date "2014.03.30"]
[Round "3.39"]
[White "Berescu, Alin-mile"]
[Black "Papadimitriou, Athanasios"]
[Result "1/2-1/2"]
[WhiteElo "2459"]
[BlackElo "2261"]
[PlyCount "201"]
[EventDate "2014.03.29"]
[EventType "swiss"]
[EventRounds "9"]
[EventCountry "MKD"]
[Source "lmi"]
[SourceDate "2014.03.29"]

1. Nf3 d5 2. c4 c6 3. e3 Nf6 4. Nc3 g6 5. b3 Bg7 6. Bb2 O-O 7. d4 Bf5 8. Be2
Ne4 9. O-O a5 10. Rc1 Nxc3 11. Bxc3 a4 12. bxa4 Be6 13. Qb3 dxc4 14. Bxc4 Bxc4
15. Qxc4 Nd7 16. a5 Nf6 17. Rfd1 Ne4 18. Be1 Nd6 19. Qe2 Qd7 20. Rb1 Ra7 21.
Rb3 Qf5 22. Bb4 Qd5 23. Rc1 Re8 24. Rc5 Qe6 25. h3 Ne4 26. Rc1 Qd5 27. Be1 Rc8
28. Qc4 Qxc4 29. Rxc4 Nd6 30. Rc2 Bf8 31. Ne5 Rc7 32. Nd3 e6 33. Nc5 Nc8 34. f3
Bxc5 35. dxc5 Rd7 36. Rd2 Rxd2 37. Bxd2 Kf8 38. e4 e5 39. a6 Rxa6 40. Rxb7 Rxa2
41. Bh6+ Ke8 42. Rc7 Na7 43. Bg7 Ra6 44. Bf6 Nb5 45. Re7+ Kf8 46. Rd7 Ra8 47.
Bxe5 Ra7 48. Rxa7 Nxa7 49. Bf6 Nb5 50. Kf2 Nc7 51. Ke3 Ne6 52. Be5 f5 53. Bd6+
Kf7 54. g4 fxe4 55. f4 Kg7 56. Kxe4 Kf6 57. Be5+ Ke7 58. Bd4 Nd8 59. Be3 Nf7
60. f5 g5 61. Bd4 Kd7 62. Bf6 h6 63. Be5 Ke7 64. Kd4 Kd7 65. Bg3 Kc8 66. Kc4
Kd7 67. Kc3 Kc8 68. Bf2 Kd7 69. Bd4 Kc8 70. Bg7 Kd7 71. Kd4 Ke8 72. Ke3 Kd7 73.
Ke4 Ke7 74. Kd4 Kd7 75. f6 Ke6 76. Ke4 Nd8 77. Bxh6 Kxf6 78. Bf8 Ke6 79. Bg7
Nf7 80. Bd4 Nd8 81. Bf2 Nf7 82. Bg3 Nh6 83. Be1 Nf7 84. h4 gxh4 85. Bxh4 Ne5
86. g5 Ng6 87. Bg3 Ne7 88. Be5 Ng6 89. Bd6 Nh8 90. Kf4 Ng6+ 91. Kg4 Nh8 92. Kf4
Ng6+ 93. Ke4 Nh8 94. Be5 Ng6 95. Bf4 Ne7 96. Be3 Ng6 97. Kd4 Ne7 98. Kc4 Kd7
99. Bf4 Ng6 100. Bd6 Nh8 101. Kd4 1/2-1/2

[Event "Karpos Open 2014"]
[Site "Skopje MKD"]
[Date "2014.03.30"]
[Round "3.40"]
[White "Arsovic, Zoran"]
[Black "Maisuradze, Nino"]
[Result "1-0"]
[WhiteElo "2450"]
[BlackElo "2274"]
[PlyCount "69"]
[EventDate "2014.03.29"]
[EventType "swiss"]
[EventRounds "9"]
[EventCountry "MKD"]
[Source "lmi"]
[SourceDate "2014.03.29"]

1. Nf3 d5 2. g3 Bg4 3. Bg2 c6 4. c4 e6 5. cxd5 exd5 6. Qb3 Qb6 7. Qc2 Nd7 8.
O-O Ngf6 9. d3 Bd6 10. Nc3 O-O 11. e4 Rfe8 12. Be3 Qa5 13. h3 Bh5 14. Nh4 dxe4
15. dxe4 Bc5 16. Bd2 Qc7 17. Kh1 Nb6 18. Rae1 Nfd7 19. g4 Qd8 20. Nf5 Bg6 21.
Bf4 Qf6 22. Bg3 Bb4 23. Nh4 Bxc3 24. bxc3 Qe7 25. f4 f6 26. Nxg6 hxg6 27. e5
Nf8 28. e6 Rad8 29. f5 g5 30. Rd1 Nc4 31. Qe2 Rxd1 32. Rxd1 Qc5 33. Bf2 Qb5 34.
e7 Nh7 35. Rd8 1-0

[Event "Karpos Open 2014"]
[Site "Skopje MKD"]
[Date "2014.03.31"]
[Round "4.90"]
[White "Kacakovski, Dimitar"]
[Black "Golubovic, Tomislav"]
[Result "1/2-1/2"]
[WhiteElo "2143"]
[BlackElo "1855"]
[PlyCount "128"]
[EventDate "2014.03.29"]
[EventType "swiss"]
[EventRounds "9"]
[EventCountry "MKD"]
[Source "lmi"]
[SourceDate "2014.03.29"]

1. d4 Nf6 2. Bg5 e6 3. Nd2 Be7 4. e4 d6 5. f4 Nbd7 6. Ngf3 h6 7. Bh4 Nh5 8.
Bxe7 Qxe7 9. g3 Nhf6 10. Bg2 c6 11. O-O O-O 12. e5 Nd5 13. Qe2 f5 14. c4 Nc7
15. Nh4 Re8 16. Ng6 Qf7 17. exd6 Qxg6 18. dxc7 Nf6 19. Nf3 Qf7 20. Qe5 Re7 21.
Qa5 Rxc7 22. Ne5 Qe7 23. Rac1 b6 24. Qa4 Bb7 25. c5 b5 26. Qa5 Rcc8 27. a4 a6
28. Rfe1 Qc7 29. Qc3 Re8 30. b3 Rad8 31. axb5 axb5 32. Ra1 Ra8 33. Nd3 Qd7 34.
Ne5 Qc7 35. b4 Nd7 36. Rxa8 Rxa8 37. Qb3 Re8 38. Bh3 Nxe5 39. dxe5 Re7 40. Bxf5
Bc8 41. Rd1 Kf8 42. Bb1 Rd7 43. Rd6 Rxd6 44. exd6 Qf7 45. Be4 Bd7 46. Qf3 Qf6
47. Bxc6 Qd4+ 48. Kg2 Bxc6 49. Qxc6 Qd2+ 50. Kh3 Qe2 51. Qa8+ Kf7 52. Qa7+ Kg6
53. c6 Qh5+ 54. Kg2 Qd5+ 55. Kf2 Qd2+ 56. Kf3 Qd1+ 57. Kg2 Qd5+ 58. Kf2 Qd2+
59. Kf3 Qd1+ 60. Ke4 Qh1+ 61. Kd3 Qd1+ 62. Kc3 Qc1+ 63. Kd3 Qd1+ 64. Ke4 Qh1+
1/2-1/2